000 02318cam a2200397 i 4500
001 21731931
003 BJBSDDR
005 20260310140217.0
007 ta
008 200929s2021 nyua b 001 0 eng
010 _a 2020044076
020 _a9780593232743
_q(hardcover)
020 _z9780593232750
_q(epub)
035 _a21731931
040 _aDLC
_beng
_erda
_cDLC
_dDLC
041 _aeng
042 _apcc
050 0 0 _aHG179
_bA398g 2021
082 0 0 _a332.024
_223
100 1 _aAliche, Tiffany
_eauthor.
_947429
245 1 0 _aGet good with money :
_bten simple steps to becoming financially whole /
_cTiffany Aliche, The Budgetnista.
264 1 _aNew York :
_bHarmony Books,
_c[2021].
300 _a359 pages :
_billustrations ;
_c24 cm.
336 _atext
_btxt
_2rdacontent
337 _aunmediated
_bn
_2rdamedia
338 _avolume
_bnc
_2rdacarrier
504 _aIncludes bibliographical references and index.
505 0 _aBefore We Begin: Get to Know Financial Wholeness -- 10% Whole: Budget Making/Building -- 20% Whole: Save Like a Squirrel -- 30% Whole: Dig Out of Debt -- 40% Whole: Score High (Credit) -- 50% Whole: Boss Up -- 60% Whole: Invest on Autopilot -- 70% Whole: Get Good with Insurance -- 80% Whole: Grow Your Net Worth -- 90% Whole: Team Up -- 100% Whole: Leave a Legacy.
520 _a"Introducing the powerful idea of striving for financial wholeness instead of early retirement or millionaire status, Get Good with Money guides us through the ten short-term steps that lead to long-term security. From the simple (best practices for budgeting and saving) to the more sophisticated (investing, taking charge of your credit score, and calculating your insurance needs), Tiffany Aliche shares memorable stories, actionable lists and worksheets, and a you-got-this attitude, ensuring that we can build a solid foundation for a life that's rich in every way"--
_cProvided by publisher.
650 0 _aFinance, Personal.
776 0 8 _iOnline version:
_aAliche, Tiffany.
_tGet good with money
_dNew York : Harmony Books, [2021]
_z9780593232750
_w(DLC) 2020044077
906 _a7
_bcbc
_corignew
_d1
_eecip
_f20
_gy-gencatlg
942 _2lcc
_cBK
_n0
946 _idpf
999 _c126563
_d126563